Naše nejlepší bylinky

Bibliographic Details
Main Author: Dugas, Dionýz, 1941- (Author, Photographer)
Format: Book
Language:Czech
Slovak
PhysicalDescription:159 strán farebné fotografie 19 cm
Published: Praha Ottovo nakladatelství, s.r.o. 2015
ISBN:9788074514777
Series:Babiččin receptář
Subjects:

MARC

LEADER 00000cam a2200000 4500
001 vtls012084559
003 SK-MaSNL
005 20260301104554.0
008 220124s2015 xr o g f 001 0 cze
015 |a SNBZSA2023/07 
020 |a 9788074514777  |q (brožované) 
040 |a SNK  |b slo  |c SNK  |e rda 
041 1 |a cze  |h slo 
044 |a xr  |c CZ 
072 7 |a 633  |x Rastlinná výroba  |2 konspekt 
080 |a 582.099  |2 2011 
080 |a 633/635.052  |2 2011 
080 |a (084.4)  |2 2011 
080 |a (035)  |2 2011 
100 1 |a Dugas, Dionýz,  |d 1941-  |4 aut  |4 pht  |9 105914 
245 1 0 |a Naše nejlepší bylinky  |c Dionýz Dugas 
264 1 |a Praha  |b Ottovo nakladatelství, s.r.o.  |c 2015 
300 |a 159 strán  |b farebné fotografie  |c 19 cm 
336 |a text  |b txt  |2 rdacontent 
336 |a statický obraz  |b sti  |2 rdacontent 
337 |a bez média  |b n  |2 rdamedia 
338 |a zväzok  |b nc  |2 rdacarrier 
490 1 |a Babiččin receptář 
500 |a Pravdepodobne preložené zo slovenčiny 
504 |a Obsahuje register vedeckých, českých a ľudových mien rastlín 
650 0 7 |a byliny  |2 SNKPH  |9 20013 
650 0 7 |a Herbaceous plants  |2 SNKPHeng  |9 306793 
655 7 |a atlasy  |2 SNKPH  |9 70424 
655 7 |a príručky  |2 SNKPH  |9 74364 
655 7 |a Atlases  |2 SNKPHeng  |9 280087 
655 7 |a Handbooks, manuals, etc.  |2 SNKPHeng  |9 90964 
830 0 |a Babiččin receptář  |9 443529 
852 |a Slovenská národná knižnica 
919 |a 978-80-7451-477-7 
954 |a odborná, vedecká literatúra pôvodná (slovenská)  |2 lita 
958 |a ZS 
958 |a UP 
999 |c 698489  |d 700419 
952 |a SNK  |b SNK  |y PREZ  |7 0  |p 17A1517103  |o snkSD 91235  |i snk2023/575  |8 4  |g 3.89  |0 0  |1 0  |4 0  |d 2022-01-24  |f 1  |l 0  |r 2026-02-23 20:49:08  |w 2026-02-23